Schaum's outline of theory and problems of optics

Guardat en:
Dades bibliogràfiques
Autor principal: Eugene Hecht
Format: Llibre
Idioma:Undetermined
Publicat: New York McGraw-Hill 1975
Matèries:
Etiquetes: Afegir etiqueta
Sense etiquetes, Sigues el primer a etiquetar aquest registre!
Thư viện lưu trữ: Trung tâm Học liệu Trường Đại học Cần Thơ
LEADER 00469nam a2200181Ia 4500
001 CTU_54690
008 210402s9999 xx 000 0 und d
020 |b 245000 
082 |a 535 
082 |b H447 
100 |a Eugene Hecht 
245 0 |a Schaum's outline of theory and problems of optics 
245 0 |c Eugene Hecht 
260 |a New York 
260 |b McGraw-Hill 
260 |c 1975 
650 |a optics 
980 |a Trung tâm Học liệu Trường Đại học Cần Thơ